000 00607cam a22002053a 4500
001 40056
003 PGUSA
005 20140828083907.0
008 120622s2012||||xxu|||||s|||||000 | eng d
040 _aPGUSA
_beng
042 _adc
245 1 0 _aYule Logs :
_bLongmans' Christmas Annual for 1898
_h[electronic resource] /
_cVarious
260 _bProject Gutenberg,
_c2012
506 _aPublic domain in the USA.
516 _aElectronic text
700 1 _aHenty, G. A.
_q(George Alfred),
_d1832-1902
830 0 _aProject Gutenberg
_v40056
856 4 0 _uhttp://www.gutenberg.org/ebooks/40056
942 _cEB
999 _c269309
_d269309